Loading...
| Current Events | 3 | 16.67 | 33% | 67% | 67% |
| Fine Arts - Classical Music | 8 | 17.50 | 50% | 50% | 75% |
| Fine Arts - Other | 6 | 15.00 | 33% | 83% | 33% |
| Fine Arts - Painting & Sculpture | 11 | 14.55 | 64% | 55% | 27% |
| Geography | 3 | 13.33 | 67% | 67% | 0% |
| History - American | 9 | 16.67 | 44% | 56% | 67% |
| History - European | 11 | 14.55 | 46% | 46% | 55% |
| History - Other | 11 | 15.45 | 46% | 73% | 36% |
| History - World | 7 | 17.14 | 43% | 71% | 57% |
| Literature - American | 6 | 11.67 | 33% | 50% | 33% |
| Literature - British | 5 | 18.00 | 60% | 60% | 60% |
| Literature - European | 9 | 16.67 | 89% | 33% | 44% |
| Literature - World | 7 | 11.43 | 43% | 43% | 29% |
| Mythology | 6 | 15.00 | 50% | 17% | 83% |
| Other Academic | 4 | 10.00 | 50% | 50% | 0% |
| Philosophy | 8 | 13.75 | 63% | 50% | 25% |
| Religion | 9 | 16.67 | 67% | 56% | 44% |
| Science - Biology | 9 | 15.56 | 44% | 44% | 67% |
| Science - Chemistry | 9 | 10.00 | 33% | 22% | 44% |
| Science - Other | 7 | 15.71 | 57% | 43% | 57% |
| Science - Physics | 6 | 16.67 | 50% | 50% | 67% |
| Social Science | 4 | 12.50 | 50% | 25% | 50% |